AMERICAN JOURNAL OF AGRICULTURAL ECONOMICS (Record no. 9657)
[ view plain ]
| 000 -LEADER | |
|---|---|
| fixed length control field | 00486nam a2200157Ia 4500 |
| 022 ## - INTERNATIONAL STANDARD SERIAL NUMBER | |
| ISSN | 0002-9092 |
| 245 #0 - TITLE STATEMENT | |
| Title | AMERICAN JOURNAL OF AGRICULTURAL ECONOMICS |
| 247 ## - FORMER TITLE | |
| Title | Journal Farm Economics |
| 260 ## - PUBLICATION, DISTRIBUTION, ETC. (IMPRINT) | |
| Name of publisher | American Agricultural Economics Association, Ames, Iowa |
| Place of publication | USA |
| 310 ## - CURRENT PUBLICATION FREQUENCY | |
| Current publication frequency | 5/y |
| 500 ## - GENERAL NOTE | |
| General note | Ending Volume & Year: 79, 1997 |
| 500 ## - GENERAL NOTE | |
| General note | Missing Volume: 60(1);69(1) |
| 500 ## - GENERAL NOTE | |
| General note | Starting Volume & Year: 60, 1978 |
| 942 ## - ADDED ENTRY ELEMENTS (KOHA) | |
| Koha item type | Bound Journal |
| Withdrawn status | Lost status | Damaged status | Not for loan | Home library | Current library | Date acquired | Accession Number | Koha item type |
|---|---|---|---|---|---|---|---|---|
| Bound journals | RRII Library | RRII Library | 31/12/2021 | 09603J | Bound Journal |